| 000 | 00820nam a22002297a 4500 | ||
|---|---|---|---|
| 005 | 20251128164802.0 | ||
| 010 | _aB-769186-210 ENG-147164 BACEN25 | ||
| 020 |
_c800.00 _a9789393272461 |
||
| 035 | _aB-769186-210 | ||
| 035 | _aEN-130696 | ||
| 037 | _bA.J Books | ||
| 037 |
_bDBAD _aDPL |
||
| 082 |
_a027.4 _21 |
||
| 100 |
_aSaigal, Anupam _985825 |
||
| 245 |
_aPublic Library Services for Diverse Communities/ _cBy Anupam Saigal |
||
| 250 | _a1 | ||
| 260 |
_c2024 _aNoida _bA.J Books |
||
| 270 |
_aA-41, Sector-27 _bNoida _k8700413360 _minnovativelearning007@gmail.com |
||
| 300 |
_a151p. _c22cm(hb) |
||
| 942 |
_2ddc _cEN _mSAI _h027.4 _e1 |
||
| 999 |
_c209558 _d209558 |
||